000 01584nam a22003854a 4500
001 ebr10355161
003 CaPaEBR
006 m u
007 cr cn|||||||||
008 060503s2006 ne sb 000 0 eng d
010 _z 2006275268
020 _z9004147217
040 _aCaPaEBR
_cCaPaEBR
035 _a(OCoLC)567548831
050 1 4 _aK639
_b.B744 2006eb
100 1 _aBrems, Eva.
245 1 0 _aArticle 14
_h[electronic resource] :
_bthe right to freedom of thought, conscience, and religion /
_cby Eva Brems.
246 3 0 _aRight to freedom of thought, conscience, and religion
246 3 _aArticle fourteen
246 1 8 _aCRC commentary
260 _aLeiden ;
_aBoston :
_bMartinus Nijhoff Publishers,
_c2006.
300 _a39 p.
490 1 _aA commentary on the United Nations Convention on the Rights of the Child,
_x1574-8626
504 _aIncludes bibliographical references.
533 _aElectronic reproduction.
_bPalo Alto, Calif. :
_cebrary,
_d2013.
_nAvailable via World Wide Web.
_nAccess may be limited to ebrary affiliated libraries.
630 0 0 _aConvention on the Rights of the Child
_d(1989)
650 0 _aChildren's rights.
650 0 _aChildren (International law)
650 0 _aFreedom of religion.
650 0 _aIntellectual freedom.
655 7 _aElectronic books.
_2local
710 2 _aebrary, Inc.
830 0 _aCommentary on the United Nations Convention on the Rights of the Child.
856 4 0 _uhttp://site.ebrary.com/lib/rucke/Doc?id=10355161
_zAn electronic book accessible through the World Wide Web; click to view
999 _c210848
_d210848